Central Library OPAC University of Rajshahi

পত্র পত্রিকায় রাজশাহী জেলার আন্দোলন সংগ্রামের চিত্র ১৯৬৯ - ১৯৭১ : (Record no. 79520)

MARC details
000 -LEADER
fixed length control field 01679nam a2200253 a 4500
001 - CONTROL NUMBER
RUCL Control Number 79520
003 - CONTROL NUMBER IDENTIFIER
rucl marc code BD-RjUL
005 - DATE AND TIME OF LATEST TRANSACTION
control field 20220425104355.0
008 - FIXED-LENGTH DATA ELEMENTS--GENERAL INFORMATION
fixed length control field 220308s2014 bg a|||| m||| 00| 0 ben d
035 ## - SYSTEM CONTROL NUMBER
system control number (BD-RjUL)79520
040 ## - CATALOGING SOURCE
Original cataloging agency BD-RjUL
Language of cataloging ben / eng
Transcribing agency BD-RjUL
Modifying agency BD-RjUL
041 ## - LANGUAGE CODE
Language code of Book ben
082 ## - DEWEY DECIMAL CLASSIFICATION NUMBER
Classification number 954.924
Author mark and Year BAP 2014
DDC Edition number 23
100 ## - MAIN ENTRY--PERSONAL NAME
Personal name বানু, মোসা. খালেদা আকতার
9 (RLIN) 1762
245 ## - TITLE STATEMENT
Title পত্র পত্রিকায় রাজশাহী জেলার আন্দোলন সংগ্রামের চিত্র ১৯৬৯ - ১৯৭১ :
Remainder of title একটি পর্যালোচনা /
Statement of responsibility, etc মোসা. খালেদা আকতার বানু
Name of Supervisor/Co-Supervisor তত্ত্বাবধায়ক: মো. ফারুক-উজ্জামান
260 ## - PUBLICATION, DISTRIBUTION, ETC. (IMPRINT)
Place of publication, distribution, etc রাজশাহী :
Name of publisher, distributor, etc ইতিহাস বিভাগ, রাজশাহী বিশ্ববিদ্যালয়,
Date of publication, distribution, etc ২০১৪
300 ## - PHYSICAL DESCRIPTION
Pagination xiii, ২৭৪ পাতা :
Other physical details চিত্র ;
Dimensions ২৯ সেমি.
502 ## - DISSERTATION NOTE
Dissertation note থিসিস (এম. ফিল.) -- ইতিহাস বিভাগ, রাজশাহী বিশ্ববিদ্যালয়, ২০১৪
504 ## - BIBLIOGRAPHY, ETC. NOTE
Bibliography, etc গ্রন্থপঞ্জী : পাতা ২৪৯ - ২৫৭
651 ## - SUBJECT ADDED ENTRY--GEOGRAPHIC NAME
Geographic name বাংলাদেশ
Geographic subdivision রাজশাহী জেলা
General subdivision ইতিহাস
Chronological subdivision ১৯৬৯-১৯৭১ খ্রিষ্টাব্দ
9 (RLIN) 2752
Geographic name Bangladesh
Geographic subdivision Rajshahi District
General subdivision History
Chronological subdivision 1969-1971 A. D.
9 (RLIN) 2753
700 ## - ADDED ENTRY--SUPERVISOR/CO-SUPERVISOR NAME
Personal name ফারুক-উজ্জামান, মো., তত্ত্বাবধায়ক
9 (RLIN) 1765
942 ## - ADDED ENTRY ELEMENTS (KOHA)
Source of classification or shelving scheme Dewey Decimal Classification
Koha item type Theses
Holdings
Source of classification or shelving scheme Damaged status Not for loan Collection code Permanent Location Current Location Shelving location Date of accession Source of acquisition Full call number Barcode Date last seen Copy number Thesis
Dewey Decimal Classification   Not For Loan Theses Central Library, University of Rajshahi Central Library, University of Rajshahi Documentation Section 02/12/2015 Controller of Exam., R. U. BTHE 954.924 BAP 2014 D3857 08/03/2022 C-1 Theses